00471nam a2200181Ia 4500008004100000020001800041040001900059041001200078082002500090100001400115245002800129260003400157300002100191440001600212650001700228651002600245850001800271131103s9999 xx 000 0 und d a0 85110 335 9 aLoreto College aEnglish a242/GRIbLCLIB/20630 aGriffiths aTake my lifecGriffiths aLondonbInter - Varsityc1972 a189 p. c 17 cm. aPocket book aChristianity aDevotional literature aLCLIB/242/GRI